| 000 | 004590000a22001690004500 | ||
|---|---|---|---|
| 003 | LK-CoMWRAF | ||
| 005 | 20231109004128.0 | ||
| 008 | 230817t1998 ||||| |||| 00| 0 eng d | ||
| 040 |
_aLK-CoMWRAF _dLK-CoMWRAF _eLK-CoMWRAF |
||
| 041 | _aeng | ||
| 082 |
_a330.122 _bETH |
||
| 245 | _aThe Ethic of the Market, and People | ||
| 260 |
_aColombo: _bCentre for Society and Religion, _c1998 |
||
| 300 | _a vi,98 p,; 22 cm. | ||
| 650 | _aECONMICS-Market | ||
| 942 | _cBK | ||
| 999 |
_c173 _d173 |
||